00487nam a2200085Ia 4500008004100000245002300041300026900064650001300333856005500346170517s9999 xx 000 0 und d 4aThe Quest For Life aHow did life on Earth begin? Is there life beyond our planet? Is there a future for humankind on other planets? This documentary examines the search for life, from its origins on Earth to possibilities in space. Produced in high definition, the program features... xScience. uhttp://topdocumentaryfilms.com/the-quest-for-life/